| 000 | 00806cam a2200241 i 4500 | ||
|---|---|---|---|
| 001 | 190585 | ||
| 003 | ES-MaACL | ||
| 005 | 20251004063232.0 | ||
| 008 | 220105s2008 sp 000 f spa | ||
| 020 | _a978-84-08-08151-7 | ||
| 080 | _a821.134.2-31"19" | ||
| 100 | 1 |
_aCalderón, Emilio, _d1960- _9160894 |
|
| 245 | 1 | 3 |
_aEl judío de Shanghai / _cEmilio Calderón. |
| 250 | _a1ª ed. | ||
| 260 |
_aBarcelona : _bPlaneta, _c2008. |
||
| 300 |
_a330 p. ; _c24 cm. |
||
| 586 | _aPremio de Novela Fernando Lara, 2008 | ||
| 852 | 4 |
_aES-MaACL _jA-14844 _9 197763 _bR.152310 _cDEPO1 _dOlim: N-7844 _hDonación: José Lázaro _xEncuadernación en cartone. |
|
| 903 |
_9234219 _aLázaro García, José _ednr |
||
| 942 |
_2udc _cMONOGRAFIA |
||
| 999 |
_c190585 _d190585 |
||